| 000 | 00585nam a22001937a 4500 | ||
|---|---|---|---|
| 999 |
_c159631 _d159631 |
||
| 005 | 20181227104234.0 | ||
| 010 | _aENG-124597 | ||
| 020 |
_a9789386473318 _c425.00 |
||
| 035 | _aEN-108129 | ||
| 037 | _bDBAD/PUB | ||
| 082 | _a230.41 | ||
| 100 | _aKashyap, Deepak | ||
| 245 |
_aYoga: _cby Kusum Ansal _banatomy and the journey within/ |
||
| 260 |
_aNew Delhi _bVitasta Publishing Pvt Ltd _c2018 |
||
| 270 |
_a2/15, Ansari Road, Daryaganj, _bNew Delhi _e110002 |
||
| 300 |
_a240p. _c20cm.(Pbk) |
||
| 500 | _aIt includes glossary | ||
| 942 |
_2ddc _cEN _mKAS _h230.41 |
||